Repülők a légvédelemben

Elmentve itt :
Bibliográfiai részletek
Szerző: Horváth Barna
Dokumentumtípus: Cikk
Megjelent: 1948
Sorozat:Honvéd : katonai folyóirat 3 No. 6
Kulcsszavak:Hadtudomány
Online Access:http://misc.bibl.u-szeged.hu/14345
LEADER 00551nab a2200169 i 4500
001 misc14345
005 20191106141803.0
008 170607s1948 hu o 0|| hun d
040 |a SZTE Miscellanea Repozitórium  |b hun 
041 |a hun 
100 1 |a Horváth Barna 
245 1 0 |a Repülők a légvédelemben  |h [elektronikus dokumentum] /  |c  Horváth Barna 
260 |c 1948 
300 |a 12-14 
490 0 |a Honvéd : katonai folyóirat  |v 3 No. 6 
695 |a Hadtudomány 
856 4 0 |u http://misc.bibl.u-szeged.hu/14345/1/honved_003_006_012-014.pdf  |z Dokumentum-elérés